Most Democratic Countries In the World - Statistics

General Stats
  • This quiz has been taken 35 times
  • The average score is 9 of 10
Answer Stats
Answer % Correct
Sweden
100%
Denmark
97%
Finland
97%
Norway
97%
Australia
94%
Iceland
91%
New Zealand
91%
Canada
85%
Ireland
82%
Switzerland
79%
No matching quizzes found
Score Distribution
Percent of People with Each Score
Percentile by Number Answered
Your Score History
You have not taken this quiz